|
|
|
|
| LEADER |
00000nam0a2200000 4500 |
| 001 |
126442 |
| 005 |
20231031131855.0 |
| 035 |
|
|
|a (RuTPU)RU\TPU\book\136791
|
| 090 |
|
|
|a 126442
|
| 100 |
|
|
|a 20071128d1972 k y0rusy50 ca
|
| 101 |
0 |
|
|a rus
|
| 102 |
|
|
|a RU
|
| 105 |
|
|
|a a z 001zy
|
| 200 |
1 |
|
|a Рудная база Урала
|f Академия наук СССР (АН СССР) ; под ред. Л. Н. Овчинникова
|
| 210 |
|
|
|a Москва
|c Наука
|d 1972
|
| 215 |
|
|
|a 189 с.
|c ил.
|
| 320 |
|
|
|a Библиография в конце статей
|
| 610 |
1 |
|
|a рудные месторождения
|
| 610 |
1 |
|
|a Урал
|
| 610 |
1 |
|
|a геология
|
| 610 |
1 |
|
|a геологическое прогнозирование
|
| 610 |
1 |
|
|a геохимические методы
|
| 675 |
|
|
|a 553.3/4
|v 3
|
| 702 |
|
1 |
|a Овчинников
|b Л. Н.
|g Лев Николаевич
|4 340
|
| 712 |
0 |
2 |
|a Академия наук СССР (АН СССР)
|2 stltpush
|3 (RuTPU)RU\TPU\col\722
|
| 801 |
|
1 |
|a RU
|b 63413507
|c 20071128
|g PSBO
|
| 801 |
|
2 |
|a RU
|b 63413507
|c 20080407
|g PSBO
|
| 942 |
|
|
|c BK
|